Call to market.

Bibliographic Details
Main Author: Knoble, Cliff, 1892-
Format: Book
Language:English
Published: New York : F. Fell, [1963]
Subjects:

MARC

Tag First Indicator Second Indicator Subfields
LEADER 00000cam a2200000 4500
001 in00000213937
005 20151009060545.0
008 721003s1963 nyu 00000aeng d
010 |a  63021658  
035 |a (OCoLC)00421532 
035 |9 AAX3905AM 
040 |c CCL  |d TXA  |d UtOrBLW 
049 |a TXAM  |c [366688] 
082 0 |a 659.1 
090 |a HF5810.K55  |b A3 
100 1 |a Knoble, Cliff,  |d 1892- 
245 1 0 |a Call to market. 
264 1 |a New York :  |b F. Fell,  |c [1963] 
264 4 |c [©1963] 
300 |a 304 pages ;  |c 22 cm. 
336 |a text  |b txt  |2 rdacontent 
337 |a unmediated  |b n  |2 rdamedia 
338 |a volume  |b nc  |2 rdacarrier 
500 |a Autobiographical. 
650 0 |a Advertising  |z United States. 
999 |a MARS 
999 f f |s 5b442ce5-2948-3f90-b1ce-aa1c93114ec8  |i a65c2b8d-c967-352c-97ce-1719c2bdd1f4  |t 0 
952 f f |p ric  |a Texas A&M University  |b Rellis Campus  |c Joint Library Facility  |d Remote Storage  |t 0  |e HF5810.K55 A3  |h Library of Congress classification  |i unmediated -- volume  |m A14802849928 
998 f f |a HF5810.K55 A3  |t 0  |l Remote Storage